Métrologie - Statistiques

Statistiques générales
  • Ce quiz a été pris 751 fois
  • Le résultat moyen est 20 sur 45
Statistiques - réponses
Dimension Grandeur % Correct
L Longueur
73%
T Temps
69%
M Masse
68%
T-1 (Hz) Fréquence
66%
θ Température
64%
T-1 (Bq) Activité (radioactivité)
58%
3 x 10^8 m.s-1 Célérité
55%
M.L2.T-2 Energie/Travail/Chaleur/Enthalpie
53%
6 x 10^23 mol-1 Nombre d'Avogadro
53%
L.T-1 Vitesse
53%
M.L.T-2 Force
51%
N Quantité de matière
51%
9,81 m.s-2 Accélération de la pesanteur
49%
T.I Charge électrique
49%
J Intensité lumineuse
48%
T-1 (rad/s) Vitesse angulaire
48%
L.T-2 Accélération
47%
J.L-2 Luminosité
45%
M.L-3 Masse volumique
45%
M.L2.T-3 Puissance
45%
8,314 J. mol-1. K-1 Constante des gaz parfaits
43%
M.L2.T-2.θ-1 (constante) Constante de Boltzmann
42%
N-1 (constante) Nombre d'Avogadro
42%
M-1.L-3.T4.I2 Permittivité
42%
1,38 x 10^-23 J.K-1 Constante de Boltzmann
40%
6,62 × 10^-34 J.s Constante de Planck
40%
M-1.L3.T-2 (constante) Constante gravitationnelle
40%
6.7 x 10^-11 kg-1. m3. s-2 Constante gravitationnelle
39%
M.L-1 Masse linéique
39%
M.L-1.T-2 Pression
39%
M.L-1.T-1 Viscosité
39%
L2.T-2 Dose absorbée
38%
M.L2.T-2.θ-1 Entropie/Cp/Cv
38%
I Intensité de courant électrique
38%
L2.T-1 (Di) Coefficient de diffusion
36%
M.L2.T-2.N-1.θ-1 (constante) Constante des gaz parfaits
36%
M.L.T-3.I-1 Champ électrique
35%
M.L2.T-1 (constante) Constante de Planck
35%
M.L2.T-3.I-2 Résistance
35%
M.L-4.T-1 Résistance mécanique (mécaflu)
35%
M.T-2.I-1 Champ magnétique
32%
L2.T-1 (K ou α) Diffusivité thermique
32%
M.L.T-1 Quantité de mouvement
32%
M.L2.T-1 Moment cinétique/action
30%
M.L2.T-3.I-1 Tension électrique (Potentiel)
30%
Aucun quiz correspondant
Distribution des résultats
% des personnes avec chaque résultat
Percentile par nombre de réponses
Votre historique - résultats
Vous n’avez pas pris ce quiz